| 000 | 00479cam a2200181ua 4500 | ||
|---|---|---|---|
| 001 | 3307 | ||
| 008 | 191206n ii |||gr||||Z||||||asm | ||
| 040 | _cMAIN | ||
| 082 | _a891.4513 | ||
| 100 | _aSarma, Gobinda Prasad, | ||
| 245 |
_aBirendrakumar Bhattacarya : _boupanyasik / _cby Gobinda Prasad Sarma |
||
| 250 | _a2nd. | ||
| 260 |
_aGuahati: _bBarua agency,987. |
||
| 300 |
_a186p: _c23cm. |
||
| 653 | _aAssamese novel | ||
| 653 | _aBirendrakumar Bhattacarya | ||
| 942 | _cBK | ||
| 999 |
_c3152 _d3152 |
||